Silver Springs - Fleetwood Mac Lyrics - Statistics

General Stats
  • This quiz has been taken 778 times
  • The average score is 205 of 248
Answer Stats
Answer % Correct
You
99%
you
99%
you?
99%
you,
99%
a
97%
I
97%
my
97%
could
95%
love
95%
be
94%
me
94%
me,
94%
silver
93%
spring
93%
that
92%
on
91%
So
90%
the
90%
no
89%
would
89%
know
88%
of
88%
but
87%
But
87%
loved
87%
never
87%
to
87%
sound
86%
not
85%
down
84%
Time
84%
haunt
83%
spell
83%
woman
83%
won't
83%
cast
82%
follow
82%
forget
82%
let
82%
loves
82%
voice
82%
will
82%
from
80%
get
80%
I'll
80%
And
79%
away
79%
Don't
79%
don't
79%
say
77%
was
77%
Was
77%
your
77%
Your
77%
she
76%
want
76%
Baby,
72%
have
72%
You'll
72%
just
71%
did
70%
pretty
70%
'til
68%
til'
68%
fool?
67%
she's
65%
dream
64%
colors
63%
could've
63%
chance
61%
Give
61%
Oh
61%
only
61%
Tell
60%
tell
60%
flashin'
59%
it
58%
it?
58%
ocean
54%
can
52%
begin
51%
Blue-green
50%
ago
49%
years
49%
worth
48%
shinin'
47%
see
46%
myself
45%
around,
42%
Turn
42%
crashin'
41%
runnin'
32%
such
32%
autumn
22%
No matching quizzes found
Score Distribution
Percent of People with Each Score
Percentile by Number Answered
Your Score History
You have not taken this quiz